000 00478nam a2200181Ia 4500
001 9306
008 140326s9999 xx 000 0 und d
020 _a0-946960-60-7
040 _cPK-LaUMT
082 _a 616.8917
_bBOL-S
100 _aBollas, Christopher
245 4 _aThe shadow of the object : Psychoanalysis of the unthought k
_cBollas, Christopher
260 _c1987
300 _a283 p.
546 _aEN
650 _aObject relations(Psychoanalysis)
942 _cBK
999 _c10469
_d10469